00924 a2200217 4500003000500000005001700005040000900022082001200031100002900043245007700072260003200149300001500181505021700196538003000413650001400443651001100457942000800468999001900476952010600495952010500601Nust20170207153229.0 cNust a621.382 aAshraf, Robina (MSEE-8) aNeural network vector quantization for image compressioncRobina Ashraf  aRawalpindibMCS, NUSTc2007 ax, 73, p.; aIntroduction (page-1) Image compression techniques (page-5) Vector quantization (page-31) Neural networks (page-42) Proposed NNVQ with experiments and results (page-58) Conclusion and future proSPposed (page-72). aAlmirah No 69 Shelf No 1  aMS Thesis aMSEE-8 cTHS c181876d181876 00102ddc40708NFICaMCSbMCSd2016-12-12l0o621.382 ASHpMCSTEE-179r2016-12-08w2016-12-12yBK 00102ddc40708NFICaMCSbMCSd2016-12-12l0o621.382 ASHpMCSTEE-38r2016-12-08w2016-12-12yBK